[Event "Lynskak DM 2023"]
[Site "Hvidovre"]
[Date "2023.05.14"]
[Round "12.8"]
[White "Pedersen, Jan Nordenbaek"]
[Black "Meskenas, Paulius"]
[Result "0-1"]
[WhiteElo "2148"]
[BlackElo "2159"]
[PlyCount "104"]
[EventDate "2023.05.14"]
[EventType "swiss"]
[EventRounds "13"]
[EventCountry "DEN"]
[SourceTitle "Live v. Kasper Jerwiarz"]

1. e4 e5 2. Nc3 Nc6 3. Bc4 Nf6 4. d3 h6 5. f4 Bc5 6. Nf3 d6 7. Na4 Bb6 8. Nxb6
axb6 9. O-O exf4 10. Bxf4 O-O 11. Qd2 Ra5 12. a4 Rh5 13. Rae1 d5 14. exd5 Nxd5
15. Bg3 Be6 16. d4 Nf4 17. Bxe6 Nxe6 18. c3 Qd5 19. Ne5 Nxe5 20. Rxe5 Rxe5 21.
Bxe5 f6 22. Bg3 c5 23. Bf2 Rd8 24. Rd1 Kh8 25. Qe2 Nf4 26. Qg4 g5 27. Qf3 Qc4
28. Qxb7 Ne2+ 29. Kh1 Qb3 30. Re1 Qc2 31. Qe7 Rg8 32. Qxf6+ Kh7 33. dxc5 bxc5
34. Bxc5 Qd2 35. Rf1 Nf4 36. Qf5+ Rg6 37. Bf2 Qe2 38. Kg1 Kg8 39. Qc8+ Kh7 40.
Qd7+ Rg7 41. Qb5 Qd2 42. Qf5+ Kg8 43. Qc8+ Kh7 44. Qf5+ Kh8 45. Qf8+ Kh7 46.
Qf5+ Rg6 47. Qf7+ Rg7 48. Qf5+ Kg8 49. Qc8+ Kf7 50. g3 Ne2+ 51. Kg2 Qd5+ 52.
Kh3 g4+ 0-1

[Event "Lynskak DM 2023"]
[Site "Hvidovre"]
[Date "2023.05.14"]
[Round "12.9"]
[White "Nielsen, Jan Mose"]
[Black "Loftgaard, Mikkel Vinh"]
[Result "1-0"]
[WhiteElo "2009"]
[BlackElo "2244"]
[PlyCount "56"]
[EventDate "2023.05.14"]
[EventType "swiss"]
[EventRounds "13"]
[EventCountry "DEN"]
[SourceTitle "Live v. Kasper Jerwiarz"]

1. d4 Nf6 2. Nf3 d5 3. Bg5 c5 4. c3 Nc6 5. e3 h6 6. Bh4 Bf5 7. Nbd2 e6 8. Qa4
cxd4 9. Nxd4 Rc8 10. Bb5 Be7 11. Nxc6 bxc6 12. Bxc6+ Kf8 13. Bb5 g5 14. Bg3 h5
15. Be5 Rg8 16. Be2 Nd7 17. g4 hxg4 18. Bg3 Nc5 19. Qd1 f6 20. Nb3 Qb6 21. Bxg4
Nd3+ 22. Kf1 Nxb2 23. Qc1 Bxg4 24. Qxb2 Bf3 25. Rg1 Qa6+ 26. Ke1 Ba3 27. Qd2
Rxc3 28. Nd4 Rd3 1-0

[Event "Lynskak DM 2023"]
[Site "Hvidovre"]
[Date "2023.05.14"]
[Round "12.10"]
[White "Lauridsen, Jesper Morch"]
[Black "Nielsen, Viktor Haarmark"]
[Result "1/2-1/2"]
[WhiteElo "2309"]
[BlackElo "2335"]
[PlyCount "65"]
[EventDate "2023.05.14"]
[EventType "swiss"]
[EventRounds "13"]
[EventCountry "DEN"]
[SourceTitle "Live v. Kasper Jerwiarz"]

1. e4 e5 2. Nc3 Nf6 3. Nf3 Nc6 4. d4 exd4 5. Nd5 Be7 6. Bf4 d6 7. Nxd4 O-O 8.
Nxc6 bxc6 9. Nc3 Rb8 10. Rb1 Re8 11. Be2 Bf8 12. f3 d5 13. Bg5 h6 14. Bh4 Be7
15. O-O dxe4 16. Qxd8 Bxd8 17. Nxe4 Nxe4 18. Bxd8 Nd2 19. Bxc7 Rb7 20. Bf4 Rxe2
21. Rbe1 Rxe1 22. Rxe1 Nc4 23. Re8+ Kh7 24. Rxc8 Rxb2 25. Rxc6 Rxc2 26. h4 Na3
27. Ra6 Nb5 28. a4 Nd4 29. Be3 Nf5 30. Bf2 Rc1+ 31. Kh2 Rc2 32. Kg1 Rc1+ 33.
Kh2 1/2-1/2

[Event "Lynskak DM 2023"]
[Site "Hvidovre"]
[Date "2023.05.14"]
[Round "13.1"]
[White "Meskenas, Paulius"]
[Black "Andersen, Mads"]
[Result "0-1"]
[WhiteElo "2159"]
[BlackElo "2615"]
[PlyCount "62"]
[EventDate "2023.05.14"]
[EventType "swiss"]
[EventRounds "13"]
[EventCountry "DEN"]
[SourceTitle "Live v. Kasper Jerwiarz"]

1. e4 e5 2. Nf3 Nc6 3. Bc4 Nf6 4. d3 Bc5 5. c3 a6 6. a4 d6 7. O-O Ba7 8. h3 h6
9. Re1 g5 10. Qb3 Qe7 11. Be3 Na5 12. Qa2 Nxc4 13. Qxc4 Be6 14. Qb4 c5 15. Qa3
Rg8 16. Nbd2 g4 17. hxg4 Bxg4 18. Kf1 Nd7 19. d4 Rc8 20. dxe5 Nxe5 21. Nxe5
Qxe5 22. f3 Be6 23. c4 Qh2 24. Ke2 Rxg2+ 25. Kd3 Ke7 26. Qb3 Rc7 27. Rh1 Qe5
28. Rag1 Rxg1 29. Rxg1 f5 30. f4 fxe4+ 31. Nxe4 Qh8 0-1

[Event "Lynskak DM 2023"]
[Site "Hvidovre"]
[Date "2023.05.14"]
[Round "13.2"]
[White "Pedersen, Daniel Vesterbaek"]
[Black "Kistrup, Nicolai"]
[Result "0-1"]
[WhiteElo "2212"]
[BlackElo "2300"]
[PlyCount "72"]
[EventDate "2023.05.14"]
[EventType "swiss"]
[EventRounds "13"]
[EventCountry "DEN"]
[SourceTitle "Live v. Kasper Jerwiarz"]

1. e4 c5 2. c3 Nf6 3. e5 Nd5 4. d4 cxd4 5. Nf3 d6 6. Bc4 Nb6 7. Bb3 Nc6 8. exd6
Qxd6 9. O-O Be6 10. Na3 a6 11. Bxe6 Qxe6 12. Nxd4 Nxd4 13. Qxd4 Rd8 14. Qh4 Qc6
15. Bg5 f6 16. Be3 e5 17. f4 Bxa3 18. bxa3 Nc4 19. Bf2 O-O 20. fxe5 Nxe5 21.
Bd4 Nc4 22. Rae1 Rd7 23. Qg4 Rdf7 24. Re6 Qd7 25. Rfe1 Ne5 26. Qh3 Ng6 27. Bc5
Nf4 28. Qg3 Nxe6 29. Bxf8 Nxf8 30. Qf3 Qc6 31. Qf4 Qc5+ 32. Kh1 Re7 33. Rd1
Qxc3 34. h3 Re1+ 35. Rxe1 Qxe1+ 36. Kh2 Qe5 0-1

[Event "Lynskak DM 2023"]
[Site "Hvidovre"]
[Date "2023.05.14"]
[Round "13.3"]
[White "Skytte, Rasmus"]
[Black "Fedder, Steen"]
[Result "1/2-1/2"]
[WhiteElo "2430"]
[BlackElo "2380"]
[PlyCount "66"]
[EventDate "2023.05.14"]
[EventType "swiss"]
[EventRounds "13"]
[EventCountry "DEN"]
[SourceTitle "Live v. Kasper Jerwiarz"]

1. e4 e5 2. Nf3 Nc6 3. d4 exd4 4. Bc4 Nf6 5. O-O d6 6. Nxd4 Be7 7. Nc3 O-O 8.
Bb3 Nxd4 9. Qxd4 Be6 10. Bxe6 fxe6 11. e5 Nd7 12. exd6 cxd6 13. Qg4 Rf6 14. Be3
Ne5 15. Qh3 Qd7 16. Rad1 Rg6 17. Bf4 Nf7 18. Ne4 d5 19. Nc3 Qc6 20. Rfe1 Bb4
21. Bd2 Bf8 22. Be3 Re8 23. a4 a6 24. Ne2 Ne5 25. Nd4 Qd7 26. Bf4 Nc6 27. Nf3
Qf7 28. Bg3 Rd8 29. c3 Bd6 30. Qh4 Be7 31. Qh3 Bd6 32. Qh4 Be7 33. Qh3 Bd6
1/2-1/2

[Event "Lynskak DM 2023"]
[Site "Hvidovre"]
[Date "2023.05.14"]
[Round "13.4"]
[White "Sylvan, Jacob"]
[Black "Olsen, Filip Boe"]
[Result "0-1"]
[WhiteElo "2325"]
[BlackElo "2435"]
[PlyCount "58"]
[EventDate "2023.05.14"]
[EventType "swiss"]
[EventRounds "13"]
[EventCountry "DEN"]
[SourceTitle "Live v. Kasper Jerwiarz"]

1. e4 c6 2. d4 d5 3. e5 Bf5 4. Nf3 e6 5. Be2 Ne7 6. O-O h6 7. Nbd2 Nd7 8. Nb3
g5 9. Bd2 Qc7 10. c4 Bg7 11. a4 O-O 12. a5 f6 13. Bb4 Rf7 14. Bd6 Qd8 15. c5
Ng6 16. exf6 Nxf6 17. Bd3 Ne4 18. Bxe4 Bxe4 19. Ne5 Bxe5 20. dxe5 Nf4 21. f3
Bd3 22. Re1 g4 23. Re3 gxf3 24. Rxf3 Be4 25. Rg3+ Kh7 26. Nd2 Bxg2 27. Rxg2
Nxg2 28. Kxg2 Qh4 29. Nf3 Rg8+ 0-1

[Event "Lynskak DM 2023"]
[Site "Hvidovre"]
[Date "2023.05.14"]
[Round "13.5"]
[White "Boe, Mads"]
[Black "Thybo, Jesper Sondergaard"]
[Result "1-0"]
[WhiteElo "2283"]
[BlackElo "2509"]
[PlyCount "99"]
[EventDate "2023.05.14"]
[EventType "swiss"]
[EventRounds "13"]
[EventCountry "DEN"]
[SourceTitle "Live v. Kasper Jerwiarz"]

1. d4 Nf6 2. Nf3 d5 3. Bf4 c5 4. c3 Qb6 5. Qb3 c4 6. Qc2 g6 7. Nbd2 Bf5 8. Qc1
Nc6 9. e3 Nh5 10. Be2 Nxf4 11. exf4 Bh6 12. g3 O-O 13. O-O Qc7 14. Bd1 b5 15.
Bc2 Bh3 16. Re1 b4 17. Nf1 Bg4 18. Kg2 bxc3 19. bxc3 Bxf3+ 20. Kxf3 Qa5 21. Qd2
Rab8 22. Reb1 e5 23. dxe5 d4 24. Be4 Nxe5+ 25. Kg2 d3 26. Ne3 Rxb1 27. Rxb1 Nd7
28. Nxc4 Qa4 29. Qxd3 Nc5 30. Qd5 Nxe4 31. Qxe4 Qxa2 32. Rb7 Bg7 33. Nd6 a5 34.
Ra7 Bf6 35. Ne8 Bxc3 36. Nd6 Bb4 37. Qxb4 Qd5+ 38. Qe4 Qxd6 39. Rxa5 Qf6 40.
Re5 Kg7 41. Re8 Rxe8 42. Qxe8 h5 43. Qe5 h4 44. gxh4 Qxe5 45. fxe5 Kh6 46. Kg3
Kh5 47. f4 Kh6 48. Kg4 Kg7 49. Kg5 Kh7 50. h5 1-0

[Event "Lynskak DM 2023"]
[Site "Hvidovre"]
[Date "2023.05.14"]
[Round "13.6"]
[White "Jaksland, Tim"]
[Black "Hansen, Jacob Ost"]
[Result "1-0"]
[WhiteElo "2117"]
[BlackElo "2338"]
[PlyCount "54"]
[EventDate "2023.05.14"]
[EventType "swiss"]
[EventRounds "13"]
[EventCountry "DEN"]
[SourceTitle "Live v. Kasper Jerwiarz"]

1. e4 c5 2. c3 d5 3. exd5 Qxd5 4. d4 Nf6 5. Nf3 e6 6. Na3 Qd8 7. Nc4 Nc6 8.
Nce5 Nxe5 9. Nxe5 a6 10. Be3 cxd4 11. Bxd4 Be7 12. Qa4+ Bd7 13. Nxd7 Qxd7 14.
Qxd7+ Kxd7 15. O-O-O Kc6 16. Be2 Rad8 17. Bf3+ Kc7 18. Be5+ Kc8 19. Rxd8+ Rxd8
20. Rd1 Rxd1+ 21. Kxd1 Ne8 22. Be4 h6 23. Kc2 Bd6 24. Bxd6 Nxd6 25. Bd3 e5 26.
b4 Kc7 27. c4 b6 1-0

[Event "Lynskak DM 2023"]
[Site "Hvidovre"]
[Date "2023.05.14"]
[Round "13.7"]
[White "Nielsen, Jan Mose"]
[Black "Thorsbro, Peter"]
[Result "1/2-1/2"]
[WhiteElo "2009"]
[BlackElo "2165"]
[PlyCount "142"]
[EventDate "2023.05.14"]
[EventType "swiss"]
[EventRounds "13"]
[EventCountry "DEN"]
[SourceTitle "Live v. Kasper Jerwiarz"]

1. d4 d5 2. Nf3 e6 3. Bg5 Be7 4. h4 h6 5. Bf4 Bd6 6. e3 Bxf4 7. exf4 c5 8. c3
Nc6 9. g3 Nf6 10. Bb5 O-O 11. O-O Qb6 12. a4 cxd4 13. Nxd4 Nxd4 14. Qxd4 Qxd4
15. cxd4 Bd7 16. Bd3 Rfc8 17. Nc3 Rc7 18. Rfe1 Rac8 19. Ra3 a6 20. Kg2 Ne8 21.
f5 Nd6 22. fxe6 Bxe6 23. Rb3 Nc4 24. Bxc4 Rxc4 25. Rxb7 Rxd4 26. Rb6 Rd2 27.
Re2 Rxe2 28. Nxe2 Rc4 29. a5 d4 30. Rd6 d3 31. Rxd3 Ra4 32. Ra3 Rb4 33. Nf4 Bc4
34. Rc3 Bb5 35. b3 g5 36. hxg5 hxg5 37. Nd5 Rd4 38. Nc7 Bd3 39. Kf3 Bf5 40.
Nxa6 g4+ 41. Ke3 Re4+ 42. Kd2 Be6 43. Nc5 Re5 44. Nd3 Rxa5 45. Ke3 Ra3 46. Nf4
Rxb3 47. Rxb3 Bxb3 48. Nh5 Be6 49. Kf4 Kh7 50. Nf6+ Kg6 51. Nxg4 f6 52. Ne3 Kf7
53. f3 Kg6 54. g4 Kf7 55. Nf5 Kg6 56. Nd4 Bd7 57. Kg3 Kf7 58. f4 Kg6 59. f5+
Kg5 60. Nf3+ Kh6 61. Kf4 Bc6 62. Nd4 Bd7 63. Nb3 Kg7 64. Nc5 Bc8 65. Ne6+ Kf7
66. Nc5 Ke7 67. Ne4 Bb7 68. g5 fxg5+ 69. Nxg5 Kf6 70. Ne4+ Bxe4 71. Kxe4 Kf7
1/2-1/2

[Event "Lynskak DM 2023"]
[Site "Hvidovre"]
[Date "2023.05.14"]
[Round "13.8"]
[White "Nielsen, Viktor Haarmark"]
[Black "Hoi, Carsten"]
[Result "1-0"]
[WhiteElo "2335"]
[BlackElo "2333"]
[PlyCount "69"]
[EventDate "2023.05.14"]
[EventType "swiss"]
[EventRounds "13"]
[EventCountry "DEN"]
[SourceTitle "Live v. Kasper Jerwiarz"]

1. d4 Nf6 2. c4 g6 3. Nc3 Bg7 4. e4 d6 5. Nf3 O-O 6. Be2 e5 7. Be3 Nbd7 8. O-O
exd4 9. Nxd4 a6 10. Qd2 c5 11. Nc2 Ne5 12. f3 Be6 13. b3 Qc7 14. Rad1 Rad8 15.
h3 Rd7 16. f4 Nc6 17. f5 Nxe4 18. Nxe4 Bxf5 19. Nc3 Bxc2 20. Qxc2 Re8 21. Nd5
Qd8 22. Qd2 f5 23. Bf3 Bd4 24. Bxd4 Nxd4 25. Qf2 Re5 26. Rfe1 Qf8 27. Qh4 Rf7
28. Nf4 Kg7 29. Rxe5 dxe5 30. Rxd4 exf4 31. Rd5 Qe8 32. Qxf4 b6 33. Qe5+ Qxe5
34. Rxe5 Rd7 35. Bd5 1-0

[Event "Lynskak DM 2023"]
[Site "Hvidovre"]
[Date "2023.05.14"]
[Round "13.9"]
[White "Jarlskov, Daniel Tuk Hartso"]
[Black "Lauridsen, Jesper Morch"]
[Result "1/2-1/2"]
[WhiteElo "2023"]
[BlackElo "2309"]
[PlyCount "146"]
[EventDate "2023.05.14"]
[EventType "swiss"]
[EventRounds "13"]
[EventCountry "DEN"]
[SourceTitle "Live v. Kasper Jerwiarz"]

1. d4 Nf6 2. c4 g6 3. Nf3 Bg7 4. Nc3 O-O 5. e4 d6 6. Be2 e5 7. O-O Nc6 8. d5
Ne7 9. b4 a5 10. Ba3 Re8 11. c5 axb4 12. Bxb4 dxc5 13. Bxc5 b6 14. Bb4 c5 15.
dxc6 Nxc6 16. a3 Nd4 17. Bc4 Bg4 18. Be2 Nxe2+ 19. Qxe2 Nh5 20. Nd5 Nf4 21.
Nxf4 exf4 22. Rad1 Qc8 23. h3 Bh5 24. Rc1 Qe6 25. Rfe1 Rac8 26. Rxc8 Rxc8 27.
Qd3 Bxf3 28. Qxf3 Be5 29. Qd3 Kg7 30. Rd1 h5 31. Qd5 Qxd5 32. exd5 Rd8 33. d6
Rd7 34. Rd5 Kf6 35. Rb5 Bd4 36. Kf1 f3 37. gxf3 Bc5 38. Bxc5 bxc5 39. Rxc5 Rxd6
40. Ra5 Rd2 41. Kg2 h4 42. f4 Rd3 43. Ra7 Rd4 44. Kf3 Rd3+ 45. Kg4 Rd2 46. f3
Rg2+ 47. Kxh4 Kg7 48. a4 Kg8 49. a5 Kg7 50. a6 Kf6 51. Ra8 Kf5 52. a7 Ra2 53.
Kg3 f6 54. h4 Ra3 55. h5 gxh5 56. Rh8 Rxa7 57. Rxh5+ Kg6 58. Rb5 f5 59. Rb6+
Kh7 60. Kh4 Rg7 61. Rf6 Rg1 62. Rxf5 Kh6 63. Rf6+ Kg7 64. Ra6 Kf7 65. Ra5 Kf6
66. Rg5 Rh1+ 67. Kg4 Rg1+ 68. Kh4 Rh1+ 69. Kg3 Rg1+ 70. Kf2 Rxg5 71. fxg5+ Kxg5
72. Ke3 Kf5 73. Kd3 Kf4 1/2-1/2

[Event "Lynskak DM 2023"]
[Site "Hvidovre"]
[Date "2023.05.14"]
[Round "13.10"]
[White "Zander, Emil"]
[Black "Larsen, Karsten"]
[Result "0-1"]
[WhiteElo "1982"]
[BlackElo "2208"]
[PlyCount "78"]
[EventDate "2023.05.14"]
[EventType "swiss"]
[EventRounds "13"]
[EventCountry "DEN"]
[SourceTitle "Live v. Kasper Jerwiarz"]

1. e4 e5 2. Nf3 Nc6 3. Bc4 Bc5 4. c3 Nf6 5. d3 O-O 6. O-O d6 7. Re1 h6 8. h3 a6
9. a4 Ba7 10. Nbd2 Re8 11. b4 d5 12. exd5 Nxd5 13. Qb3 Be6 14. Nxe5 Nxe5 15.
Rxe5 c6 16. d4 Bb8 17. Re1 Bc7 18. Nf3 Qf6 19. Bd2 b5 20. axb5 axb5 21. Bf1 Nf4
22. Qd1 Rxa1 23. Qxa1 Nxh3+ 24. Kh1 Nxf2+ 25. Kg1 Ng4 26. Qc1 Bg3 27. Re2 Ra8
28. Be1 Bf4 29. Bd2 Bg3 30. Be1 Bf4 31. Bd2 Bd6 32. Qe1 Bd5 33. Ne5 Be6 34. Qg3
h5 35. Bf4 Ra1 36. Nxg4 Bxg4 37. Re8+ Kh7 38. Bxd6 Qxf1+ 39. Kh2 Qh1# 0-1